000 00394nam a22001697a 4500
003 OSt
008 230124b ||||| |||| 00| 0 eng d
020 _a9788126578153
082 _a658.4042 RAS
100 _aRAO, MS
245 _aSpark: The Power to Become Big is Within You
250 _aEd
260 _aNew Delhi
_bWiley
_c2019
300 _a149
650 _aSpark
942 _2ddc
_cREF
999 _c11737
_d11737